[Event "12th TCh-BIH Prem"]
[Site "Sarajevo BIH"]
[Date "2013.06.18"]
[Round "4.2"]
[White "Tucakovic,M"]
[Black "Stojanovic,Da"]
[Result "0-1"]
[WhiteElo "2053"]
[BlackElo "2514"]

1.e4 c5 2.Nf3 Nc6 3.Nc3 e6 4.d4 cxd4 5.Nxd4 Qc7 6.Be2 a6 7.a3 b5 8.Nxc6 Qxc6
9.O-O Bb7 10.Bf3 Qc7 11.Re1 Bc5 12.Be3 Bd6 13.h3 Be5 14.Bd4 d6 15.Bxe5 dxe5
16.a4 b4 17.Na2 Rd8 18.Qe2 Rd4 19.Red1 Rc4 20.Qd2 Nf6 21.Nxb4 O-O 22.c3 a5
23.Nc2 Nxe4 24.Qd7 Qb6 25.Bxe4 Bxe4 26.Na3 Rc6 27.Nb5 Bd5 28.Rxd5 exd5 29.Qxd5 Rc5
30.Qb3 Rd8 31.Rd1 g6 32.Qc2 Rcd5 33.Rxd5 Rxd5 34.c4 Qc5 35.b3 Rd8 36.Nc3 Qd4
37.Nd5 Kg7 38.Qe2 h5 39.Qf3 Rd6 40.Qg3 Re6 41.Nc7 Re7 42.Nd5 Rb7 43.Kh2 h4
44.Qg5 e4 45.Ne3 Qf6 46.Qxa5 Rxb3 47.Kg1 Ra3  0-1

[Event "17th Petr Izmailov"]
[Site "Tomsk RUS"]
[Date "2013.06.18"]
[Round "8.1"]
[White "Smirnov,P"]
[Black "Maletin,P"]
[Result "1-0"]
[WhiteElo "2635"]
[BlackElo "2611"]

1.e4 c5 2.Nf3 e6 3.d4 cxd4 4.Nxd4 Nc6 5.Nc3 Qc7 6.Be3 a6 7.Qd2 Nf6 8.f4 Bb4
9.Bd3 d5 10.e5 Ng4 11.Bg1 f6 12.Be2 Nxd4 13.Bxd4 fxe5 14.fxe5 Nxe5 15.O-O Bd6
16.Bh5+ g6 17.Rae1 Rf8 18.Rxf8+ Kxf8 19.Qf4+ Nf7 20.Qf6 e5 21.Rf1 Bf5 22.Rxf5 gxf5
23.Nxd5 Qd7 24.Bxf7 Be7 25.Qxe5 Kxf7 26.Nb6  1-0

[Event "8th Teplice Open 2013"]
[Site "Teplice CZE"]
[Date "2013.06.19"]
[Round "5.53"]
[White "Kastl,Daniel"]
[Black "Ta,V"]
[Result "0-1"]
[WhiteElo "1761"]
[BlackElo "1968"]

1.e4 c5 2.Nf3 e6 3.d4 cxd4 4.Nxd4 Nc6 5.Nc3 a6 6.Nxc6 bxc6 7.Be3 d5 8.exd5 cxd5
9.Be2 Nf6 10.O-O Bd6 11.Bf3 O-O 12.Re1 Rb8 13.Rb1 Qc7 14.g3 Bd7 15.Qd3 a5
16.Bg2 Bc6 17.Rec1 Ng4 18.Ne2 Ne5 19.Qd1 Nc4 20.Bd4 e5 21.Bc3 d4 22.Bd2 Bxg2
23.Kxg2 Rxb2 24.Rxb2 Nxb2 25.Qe1 Nc4 26.Rb1 Rc8 27.Rc1 Rb8 28.Kg1 Rb2  0-1

[Event "8th Teplice Open 2013"]
[Site "Teplice CZE"]
[Date "2013.06.19"]
[Round "5.41"]
[White "Friml,A"]
[Black "Cenek,M1"]
[Result "1-0"]
[WhiteElo "2124"]
[BlackElo "1878"]

1.e4 c5 2.Nf3 Nc6 3.d4 cxd4 4.Nxd4 e6 5.Nc3 Bb4 6.Nxc6 bxc6 7.Qd4 Bxc3+ 8.Qxc3 f6
9.Be3 Ne7 10.Rd1 O-O 11.Bc5 Re8 12.Rd6 Ng6 13.Be2 Ne5 14.O-O Nf7 15.Rd2 d5
16.f4 Nd6 17.Bf3 Bb7 18.b3 Qc7 19.e5 Nb5 20.Qe3 fxe5 21.fxe5 Qd7 22.a4 Nc7
23.Bh5 g6 24.Bg4 Na6 25.Bd6 c5 26.Rdf2 d4 27.Qh6  1-0

[Event "16th Heraklion Open A 2013"]
[Site "Athens GRE"]
[Date "2013.06.20"]
[Round "5.4"]
[White "Alexiadis,Hristos"]
[Black "Kourkoulos Arditis,Stamatis"]
[Result "0-1"]
[WhiteElo "1964"]
[BlackElo "2171"]

1.e4 c5 2.Nf3 e6 3.d4 cxd4 4.Nxd4 Nc6 5.Nc3 Qc7 6.g3 a6 7.Bg2 Nf6 8.O-O Be7
9.Re1 O-O 10.Nxc6 dxc6 11.b3 Rd8 12.Qe2 e5 13.h3 b5 14.Bb2 b4 15.Nd1 a5 16.a4 Ba6
17.Qf3 Rd2 18.Ra2 Bc5 19.Ne3 Rad8 20.Bc1 Bxe3 21.Qxe3 Rd1 22.Bf3 Rxe1+ 23.Qxe1 c5
24.c4 bxc3 25.Qxc3 Rd3 26.Qe1 Rxf3 27.Qd1 Rd3  0-1

[Event "8th Teplice Open 2013"]
[Site "Teplice CZE"]
[Date "2013.06.20"]
[Round "6.6"]
[White "Neiksans,A"]
[Black "Luch,M"]
[Result "1-0"]
[WhiteElo "2549"]
[BlackElo "2432"]

1.e4 c5 2.Nf3 e6 3.d4 cxd4 4.Nxd4 Nc6 5.Nc3 Qc7 6.g3 a6 7.Bg2 d6 8.O-O Bd7
9.Re1 Be7 10.Nxc6 Bxc6 11.Qg4 h5 12.Qe2 h4 13.a4 hxg3 14.hxg3 Nf6 15.Be3 Rc8
16.a5 Kf8 17.f4 Nd7 18.Red1 g5 19.Bd4 e5 20.fxe5 dxe5 21.Be3 Bc5 22.Qf2 Bxe3
23.Qxe3 f6 24.Bf3 Kg7 25.Bg4 Rcd8 26.Kg2 Nb8 27.Qc5 Rxd1 28.Rxd1 Rd8 29.Rd5 Re8
30.Bf5 Qf7 31.Rd1 Nd7 32.Qd6 Nf8 33.Nd5 Ne6 34.Rh1 Nf8 35.c4 Ra8 36.b3 Re8
37.Kf2 Bd7 38.Ne3 Bc6 39.Nd5 Bd7 40.Bxd7 Nxd7 41.Ne3 Qe6 42.Nf5+ Kg8 43.Qd1 Nc5
44.Rh8+  1-0

[Event "8th Teplice Open 2013"]
[Site "Teplice CZE"]
[Date "2013.06.20"]
[Round "6.48"]
[White "Kula,Dominik"]
[Black "Riha,Jaroslav"]
[Result "1-0"]
[WhiteElo "1894"]
[BlackElo "2035"]

1.e4 c5 2.Nf3 Nc6 3.d4 cxd4 4.Nxd4 e6 5.Nc3 Qc7 6.g3 a6 7.Bg2 Nxd4 8.Qxd4 Ne7
9.O-O Nc6 10.Qd1 Be7 11.Qg4 O-O 12.Bh6 Bf6 13.f4 Kh8 14.e5 Bxe5 15.fxe5 gxh6
16.Bxc6 dxc6 17.Qf4 Qe7 18.Ne4 Re8 19.Nd6 Rf8 20.Nxf7+ Kg7 21.Qg4+  1-0

[Event "7th Varna Open 2013"]
[Site "Varna BUL"]
[Date "2013.06.20"]
[Round "2.20"]
[White "Petrov,Vl5"]
[Black "Nikolov,Sas"]
[Result "0-1"]
[WhiteElo "2038"]
[BlackElo "2419"]

1.e4 c5 2.Nf3 e6 3.d4 cxd4 4.Nxd4 Nc6 5.Nc3 Qc7 6.Be3 a6 7.a3 b5 8.Nxc6 Qxc6
9.Be2 Bb7 10.Qd2 Nf6 11.e5 Qxg2 12.O-O-O Nd5 13.Rdg1 Nxc3 14.Rxg2 Nxe2+ 15.Qxe2 Bxg2
16.Rd1 Bc6 17.f4 Be7 18.Qf2 Rc8 19.c3 O-O 20.f5 exf5 21.Qxf5 g6 22.Bh6 Rfe8
23.Qf4 a5 24.Qd4 Bf8 25.Bxf8 Rxf8 26.h4 Rce8 27.Rf1 Re6 28.Rf6 Re7 29.h5 Rfe8
30.Qg4 a4 31.hxg6 hxg6 32.Qg5 Bd5 33.Rd6 Be4 34.e6 Rxe6 35.Rxe6 Rxe6 36.Qxb5 Bc6
37.Qb8+ Kg7 38.b4 axb3 39.Qxb3 f5 40.Qc4 Re4 41.Qd3 f4 42.Kc2 g5 43.Qd2 g4
44.Qh2 g3 45.Qh5 Kf6 46.Qh8+ Ke7 47.Qg7+ Kd6 48.Qg5 Kc7 49.Qg4 Kb7 50.Qg5 Ra4
51.Kd2 g2 52.Qc5 f3 53.Ke1 Re4+ 54.Kf2 Re2+ 55.Kg3 g1=Q+  0-1

[Event "FIDE WGP Dilijan 2013"]
[Site "Dilijan ARM"]
[Date "2013.06.21"]
[Round "5.2"]
[White "Kosintseva,T"]
[Black "Dzagnidze,N"]
[Result "1-0"]
[WhiteElo "2526"]
[BlackElo "2550"]

1.e4 c5 2.Nf3 e6 3.d4 cxd4 4.Nxd4 Nc6 5.Nc3 Qc7 6.Be2 Nf6 7.Be3 a6 8.O-O Bb4
9.Na4 Be7 10.Nxc6 bxc6 11.Nb6 Rb8 12.Nxc8 Qxc8 13.Bd4 c5 14.Be5 Rb6 15.Qd3 O-O
16.b3 d6 17.Bb2 Nd7 18.Rad1 Bf6 19.Bc1 Rd8 20.f4 Nb8 21.Qg3 Nc6 22.c3 a5
23.f5 Ne5 24.fxe6 Kh8 25.exf7 Rf8 26.Bf4 Rxf7 27.h3 Ra7 28.Qf2 Ra8 29.g4 Qe6
30.g5 Be7 31.Qe3 Rf8 32.Bxe5 Qxe5 33.Rxf8+ Bxf8 34.Rf1 Rb8 35.Rf5 Qe8 36.Qf4 Be7
37.h4 Rd8 38.Bc4 a4 39.Bf7 Qd7 40.Bd5 axb3 41.axb3 Qa7 42.Kg2 Qa2+ 43.Kh3 Qe2
44.Rf7 Qd3+ 45.Qg3 Qd1 46.Qf2  1-0

[Event "6th Karen Asrian Mem"]
[Site "Jermuk ARM"]
[Date "2013.06.22"]
[Round "7.3"]
[White "Baghdasaryan,V"]
[Black "Ter Sahakyan,S"]
[Result "1/2-1/2"]
[WhiteElo "2387"]
[BlackElo "2582"]

1.e4 c5 2.Nf3 Nc6 3.d4 cxd4 4.Nxd4 e6 5.Nc3 d6 6.Be3 Nf6 7.Qe2 a6 8.O-O-O Bd7
9.f4 Nxd4 10.Bxd4 Bc6 11.g4 Qa5 12.g5 Nd7 13.h4 O-O-O 14.Bh3 Kb8 15.Kb1 Rg8
16.h5 g6 17.hxg6 hxg6 18.Bg4 Be7 19.Rh7 e5 20.Nd5 Bxd5 21.exd5 Rgf8 22.Bxd7 Rxd7
23.fxe5 dxe5 24.Bxe5+ Ka8 25.Bg7 Rfd8 26.c4 Bxg5 27.Qg4 f6 28.Bxf6 Rxh7 29.Bxg5 Re8
30.a3 Qa4 31.Qd4 Rh5 32.Bc1 Rh4 33.Qd3 Qxc4 34.Qxg6 Rd8 35.d6 Rd4 36.Qh5 Rxd1
37.Qxd1 Qc6 38.Bg5 Rxd6 39.Qb3 Rd5 40.Bf6 Qe6 41.Bc3 Qe4+ 42.Ka2 b5 43.Ba5 Qc4
44.Qxc4 bxc4 45.Bc3 Rd3 46.Bg7 Kb7 47.Bh8 Kc6 48.Bg7 Kd5 49.Bh8 a5 50.Bg7 a4
51.Bh8 Rg3 52.Bf6  1/2-1/2

[Event "12th TCh-BIH Prem"]
[Site "Sarajevo BIH"]
[Date "2013.06.22"]
[Round "8.1"]
[White "Trkulja,G"]
[Black "Hodzic,N"]
[Result "1/2-1/2"]
[WhiteElo "2390"]
[BlackElo "2286"]

1.e4 c5 2.Nf3 e6 3.d4 cxd4 4.Nxd4 Nc6 5.Nc3 Qc7 6.Be2 a6 7.O-O Nf6 8.Be3 d6
9.a4 Be7 10.f4 O-O 11.Nb3 b6 12.Bf3 Bb7 13.Qe2 Rfe8 14.Rad1 Nd7 15.Kh1 Nc5
16.Qf2 Rab8 17.e5 dxe5 18.Nxc5 Bxc5 19.Bxc5 bxc5 20.Qxc5 exf4 21.Rd6 Rbc8
22.Rfd1 Nb8 23.Qf2 e5 24.Bxb7 Qxb7 25.Nd5 Qxb2 26.Qh4 Qb7 27.Qg5 Kh8 28.Nb6 f6
29.Qh5 g6 30.Qh4 Rxc2 31.Qxf6+ Qg7 32.Qg5 Rc6 33.Rd8 Re6 34.Rxe8+ Rxe8 35.Rd8 Qf8
36.Rxe8 Qxe8 37.Qf6+ Kg8 38.Nd5 h5 39.h4 Kh7 40.Qd6 Kh6 41.Nf6 Qf7 42.Qxe5 Nd7
43.Qg5+ Kg7 44.Nxh5+ Kh7 45.Nxf4 Nf8 46.g3 Qb7+ 47.Qd5 Qxd5+ 48.Nxd5 Nd7
49.a5 g5 50.hxg5 Kg6 51.Nb4 Nc5 52.Kg2 Kxg5 53.Kf3 Kf5 54.g4+ Kg5 55.Nc6 Nb7
56.Kg3 Nc5 57.Nd4 Nb7 58.Nb3 Nd6 59.Nc5 Nc4 60.Ne6+ Kf6  1/2-1/2

[Event "TCh-SUI 2013"]
[Site "Switzerland SUI"]
[Date "2013.06.22"]
[Round "4.6"]
[White "Georgiadis,N"]
[Black "Wyss,T"]
[Result "1/2-1/2"]
[WhiteElo "2394"]
[BlackElo "2221"]

1.e4 c5 2.Nf3 e6 3.d4 cxd4 4.Nxd4 Nc6 5.Nc3 Qc7 6.g3 a6 7.Bg2 Nf6 8.O-O Nxd4
9.Qxd4 Bc5 10.Bf4 d6 11.Qd3 Nd7 12.Na4 e5 13.Bd2 b5 14.Nxc5 Nxc5 15.Qa3 Bb7
16.Ba5 Qc6 17.Rfe1 f5 18.Rad1 O-O 19.Bb4 Rad8 20.Qc3 fxe4 21.Rxd6 Qxd6 22.Bxc5 Qd2
23.Qxd2 Rxd2 24.Bxf8 Kxf8 25.Rc1 Bd5 26.Kf1 Bc4+ 27.Kg1 Bd5  1/2-1/2

[Event "8th Teplice Open 2013"]
[Site "Teplice CZE"]
[Date "2013.06.22"]
[Round "8.2"]
[White "Neiksans,A"]
[Black "Plischki,S"]
[Result "1/2-1/2"]
[WhiteElo "2549"]
[BlackElo "2386"]

1.e4 c5 2.Nf3 e6 3.d4 cxd4 4.Nxd4 Nc6 5.Nc3 Qc7 6.g3 a6 7.Bg2 Nf6 8.O-O Bc5
9.Bf4 e5 10.Nb3 exf4 11.Nxc5 d6 12.Nd3 fxg3 13.fxg3 Be6 14.Qd2 O-O 15.h3 Rac8
16.Rxf6 gxf6 17.Qh6 Qd8 18.Nd5 Bxd5 19.Nf4 Kh8 20.Nxd5 Rg8 21.Rf1 Rg6 22.Qe3 Ne7
23.Nxf6 Rxf6 24.Rxf6 Nd5 25.exd5 Qxf6 26.c3 Qe5 27.Qxe5+ dxe5 28.g4 Kg7 29.Kf2 h5
30.Be4 hxg4 31.hxg4 Kf6 32.Ke3 b6 33.Bf5 Rh8 34.d6 Rd8 35.d7 Ke7 36.Ke4 Kd6
37.b4 b5 38.Kd3 f6 39.c4 bxc4+ 40.Kxc4 Rxd7 41.Bxd7 Kxd7 42.Kc5 Kc7 43.a4 Kb7
44.Kd5 Kb6 45.g5 fxg5 46.Kxe5 Kc6 47.Kf5 Kd5 48.Kxg5 Kc4 49.b5 axb5 50.axb5 Kxb5  1/2-1/2

[Event "8th Teplice Open 2013"]
[Site "Teplice CZE"]
[Date "2013.06.22"]
[Round "8.12"]
[White "Jurcik,Mart"]
[Black "Luch,M"]
[Result "1-0"]
[WhiteElo "2350"]
[BlackElo "2432"]

1.e4 c5 2.Nf3 e6 3.d4 cxd4 4.Nxd4 Nc6 5.Nc3 Qc7 6.Be3 a6 7.Bd3 Nf6 8.Nb3 Bd6
9.h3 Bf4 10.Qd2 Bxe3 11.Qxe3 d6 12.O-O-O e5 13.g3 O-O 14.f4 b5 15.Nd5 Qd8
16.Nxf6+ Qxf6 17.f5 Rb8 18.g4 a5 19.g5 Qd8 20.Kb1 a4 21.Nc1 a3 22.b3 Qb6
23.Qxb6 Rxb6 24.Ne2 Bb7 25.Ng3 Rc8 26.c3 Na5 27.Rc1 Rbc6 28.Ne2 R6c7 29.Rhd1 Kf8
30.Rd2 Ba6  1-0

[Event "III Marcel Duchamp Boca Jun Op"]
[Site "Buenos Aires ARG"]
[Date "2013.06.23"]
[Round "3.10"]
[White "Martinez de Negri,G"]
[Black "Mussanti,D"]
[Result "0-1"]
[WhiteElo "2173"]
[BlackElo "2310"]

1.e4 c5 2.Nf3 e6 3.d4 cxd4 4.Nxd4 Nc6 5.Nc3 d6 6.g4 h6 7.Bg2 Bd7 8.O-O Nf6
9.h3 Be7 10.Kh1 O-O 11.f4 Nxd4 12.Qxd4 Bc6 13.Be3 Qc7 14.Bg1 e5 15.Qe3 exf4
16.Qxf4 Nd7 17.Bd4 Ne5 18.Nd5 Bxd5 19.exd5 Rac8 20.Be4 Bg5 21.Qf5 g6 22.Qf2 Qe7
23.Qg2 a6 24.Rae1 Bf6 25.c3 Bg7 26.Qg3 Bf6 27.Qh2 Rce8 28.Qd2 Bg7 29.Qf2 Qd7
30.Qg3 Re7 31.b3 Rfe8 32.Bb1 b5 33.Qg2 a5 34.Bc2 b4 35.cxb4 axb4 36.Qd2 Qb5
37.Qg2 Nxg4 38.Rxe7 Rxe7 39.hxg4 Bxd4 40.Qf3 Qe2 41.Bd3 Qe5 42.Rc1 Qg5 43.Rf1 f5
44.Qf4 Qh4+ 45.Qh2 Qxg4 46.Qxd6 Be5 47.Qd8+ Kf7  0-1

[Event "FIDE WGP Dilijan 2013"]
[Site "Dilijan ARM"]
[Date "2013.06.23"]
[Round "7.5"]
[White "Muzychuk,A"]
[Black "Dzagnidze,N"]
[Result "1-0"]
[WhiteElo "2593"]
[BlackElo "2550"]

1.e4 c5 2.Nf3 e6 3.d4 cxd4 4.Nxd4 Nc6 5.Nc3 Qc7 6.Be3 Nf6 7.f4 Bb4 8.Nb5 Qa5
9.e5 Ne4 10.Qd3 Nxc3 11.bxc3 Be7 12.Be2 O-O 13.O-O f6 14.exf6 Bxf6 15.Rab1 d5
16.Bg4 Bd7 17.c4 Ne7 18.Nd4 Qa6 19.c5 Bxd4 20.Bxd4 Qxd3 21.cxd3 Nc6 22.Rxb7 Nxd4
23.Rxd7 Rf7 24.Rd6 Rc8 25.c6 Kf8 26.Bxe6 Ke7 27.Rd7+ Kxe6 28.Re1+ Kf6 29.Rd6+ Kf5
30.Rxd5+ Kg4 31.h3+ Kh4 32.Rxd4 Rxc6 33.Re5 Rc2 34.a4 Rb7 35.Rg5 g6 36.Rdd5 h5
37.Rxg6 Rb1+ 38.Kh2 a5 39.Rh6  1-0

[Event "6th Karen Asrian Mem"]
[Site "Jermuk ARM"]
[Date "2013.06.23"]
[Round "8.15"]
[White "Hakobyan,Hovhannes H."]
[Black "Harutyunian,T"]
[Result "0-1"]
[WhiteElo "1753"]
[BlackElo "2359"]

1.e4 c5 2.Nf3 e6 3.d4 cxd4 4.Nxd4 Nc6 5.Nc3 Qc7 6.Be3 Nf6 7.f4 d6 8.Qf3 a6
9.g4 Nxd4 10.Bxd4 e5 11.Bf2 Bxg4 12.Qe3 Be7 13.Rg1 b5 14.Bh4 exf4 15.Qxf4 Be6
16.O-O-O Rc8 17.Bd3 Nh5 18.Qf2 Qc5 19.Qe1 Bf6 20.Bxf6 Nxf6 21.Rxg7 Ng4 22.Qg1 h5
23.Nd5 Nf2 24.Kb1 Nxd1 25.Qxd1 Bxd5 26.exd5 Kf8 27.Rg5 Re8 28.a3 Qf2 29.Rg1 Qxh2
30.Qf1 Qe5 31.Qf3 h4 32.Rf1 Re7 33.Qh3 Qg3 34.Qc8+ Re8 35.Qd7 Re1+ 36.Rxe1 Qxe1+
37.Ka2 Qg3 38.Qc8+ Kg7 39.Qc3+ Qe5  0-1

[Event "3rd Big Slick GM"]
[Site "Purley ENG"]
[Date "2013.06.23"]
[Round "2"]
[White "Franklin,S"]
[Black "Lalic,B"]
[Result "1/2-1/2"]
[WhiteElo "2357"]
[BlackElo "2489"]

1.e4 c5 2.Nf3 Nc6 3.d4 cxd4 4.Nxd4 e6 5.Nc3 Qc7 6.Be3 Nf6 7.f4 Nxd4 8.Qxd4 b6
9.Be2 Bb7 10.O-O-O Rc8 11.Bf3 Bc5 12.Qd3 Bxe3+ 13.Qxe3 O-O 14.Rd2 d5 15.exd5 exd5
16.g3 Rfe8  1/2-1/2

[Event "7th Varna Open 2013"]
[Site "Varna BUL"]
[Date "2013.06.23"]
[Round "5.11"]
[White "Kostadinov,T"]
[Black "Vedmediuc,S"]
[Result "0-1"]
[WhiteElo "2174"]
[BlackElo "2460"]

1.e4 c5 2.Nf3 Nc6 3.Nc3 e6 4.d4 cxd4 5.Nxd4 d6 6.Be3 Nf6 7.Be2 Be7 8.Qd2 e5
9.Nb3 O-O 10.Bg5 a5 11.a4 Nb4 12.O-O Be6 13.Bxf6 Bxf6 14.Nd5 Bg5 15.Qd1 Nxd5
16.exd5 Bd7 17.Nd2 Qc7 18.Ne4 Be7 19.Ra3 f5 20.Nd2 e4 21.Rc3 Qd8 22.Ra3 Bf6
23.c3 Qb6 24.Bb5 Bxb5 25.Rb3 Bxa4 26.Rxb6 Bxd1 27.Rxd1 a4 28.Nc4 f4 29.Nxd6 e3
30.fxe3 fxe3 31.Ne4 a3 32.Nxf6+ Rxf6 33.Rxf6 axb2 34.d6 e2 35.Re1 Ra1 36.d7 Rxe1+
37.Kf2 Rd1 38.d8=Q+ Rxd8 39.Rb6 Rd1  0-1

[Event "TCh-MNE Prem 2013"]
[Site "Cetinje MNE"]
[Date "2013.06.24"]
[Round "1.6"]
[White "Nikac,P"]
[Black "Kisic,B"]
[Result "1-0"]
[WhiteElo "2333"]
[BlackElo "2055"]

1.e4 c5 2.Nc3 Nc6 3.Nge2 e6 4.d4 cxd4 5.Nxd4 Qc7 6.Be2 a6 7.O-O Nf6 8.Kh1 h5
9.Nxc6 bxc6 10.f4 d5 11.e5 Ng4 12.Bxg4 hxg4 13.Qxg4 g6 14.Ne2 c5 15.Be3 Be7
16.Bf2 Bb7 17.Ng1 d4 18.Qe2 Bc6 19.Bg3 Qb7 20.Rab1 Bb5 21.Qf3 Bc6 22.Qf2 g5
23.Ne2 gxf4 24.Nxf4 O-O-O 25.Rfd1 Rdg8 26.c3 Rg4 27.cxd4 Bh4 28.Kg1 Be4 29.Rbc1 Bg5
30.Rxc5+ Kb8 31.Rc3 Bd5 32.Nxd5 Qxd5 33.Rb3+ Ka8 34.Qe2  1-0

[Event "6th Karen Asrian Mem"]
[Site "Jermuk ARM"]
[Date "2013.06.24"]
[Round "9.5"]
[White "Abdumalik,Z"]
[Black "Ter Sahakyan,S"]
[Result "0-1"]
[WhiteElo "2250"]
[BlackElo "2582"]

1.e4 c5 2.Nf3 Nc6 3.d4 cxd4 4.Nxd4 e6 5.Nc3 d6 6.Nb3 Nf6 7.Be3 Be7 8.f4 a6
9.Bd3 b5 10.Qf3 Bb7 11.O-O Qc7 12.Qh3 h5 13.Kh1 Ng4 14.Bg1 Nb4 15.a3 Nxd3
16.cxd3 Rc8 17.Rac1 Qd7 18.Nd4 g6 19.Rce1 Bf6 20.Nf3 a5 21.e5 dxe5 22.Nxe5 Nxe5
23.fxe5 Bg7 24.Ne4 O-O 25.Nc5 Qd5 26.b4 axb4 27.axb4 Bc6 28.d4 Ra8 29.Re2 Ra2
30.Rxa2 Qxa2 31.Rf2 Qc4 32.Qb3 Qxb3 33.Nxb3 Ra8 34.Nc5 Ra1 35.Rc2 Bd5 36.Nd7 g5
37.h3 Kh7 38.Nb6 Be4 39.Re2 Bb7 40.Rb2 g4 41.hxg4 hxg4 42.Rb3 Kg6 43.Kh2 Kf5
44.Bf2 Ra2 45.Kg1 Bh6 46.d5 Bf4 47.Bg3 Bxd5 48.Nxd5 exd5 49.Bxf4 Kxf4 50.Rc3 Kxe5
51.Rc5 g3 52.Kf1 Rf2+  0-1

[Event "IJmond vierkampen"]
[Site "Wijk aan Zee NED"]
[Date "2013.06.24"]
[Round "3.1"]
[White "Van Hengel,H"]
[Black "De Ruiter,D"]
[Result "0-1"]
[WhiteElo "2248"]
[BlackElo "2254"]

1.e4 c5 2.Nf3 e6 3.d4 cxd4 4.Nxd4 Nc6 5.Nc3 Qc7 6.Be3 a6 7.Qd2 Nf6 8.O-O-O Bb4
9.f3 Ne5 10.Kb1 O-O 11.Nb3 b5 12.Nxb5 axb5 13.Qxb4 Nc4 14.Bxc4 bxc4 15.Qc5 Qb8
16.Qxc4 Ba6 17.Qd4 d5 18.Bg5 e5 19.Qd2 d4 20.Bxf6 gxf6 21.Qh6 Bc4 22.Qxf6 d3
23.Qg5+ Kh8 24.Qf6+ Kg8 25.Rxd3 Bxd3 26.Qg5+ Kh8 27.Qf6+ Kg8 28.cxd3 Qb5
29.Qg5+ Kh8 30.Qf6+ Kg8 31.Nc1 Ra6 32.Qg5+ Rg6 33.Qd2 Rc8 34.Nb3 Ra6 35.Rc1 Rxc1+
36.Nxc1 Qc5 37.d4 exd4 38.Nb3 Qc4 39.Qg5+ Rg6 40.Qd8+ Kg7 41.Qxd4+ Qxd4 42.Nxd4 Rxg2
43.a4 Kf6 44.a5 Ke5 45.Nf5 Rg8 46.Ka2 Kf4 47.b4 Kxf3 48.Nd6 Kf4 49.b5 Ke5
50.Nxf7+ Kxe4 51.Kb3 Kd5 52.b6 Kc5 53.Ne5 Kb5 54.Nd7 Kc6 55.Nf6 Rg7 56.Kc4 h6
57.h3 Rg1 58.Ng4 Rc1+ 59.Kd4 Ra1 60.Nxh6 Rxa5 61.Ng4 Rh5 62.Nf2 Kxb6 63.Ke4 Kc6
64.Kf4 Kd6 65.Kg4 Ra5 66.Ne4+ Ke5 67.Ng5 Ra4+ 68.Kg3 Kf5 69.Nf3 Ra3 70.Kg2 Kf4
71.Nd4 Ra2+ 72.Kf1 Ke3 73.Nf5+ Ke4 74.Nd6+ Ke5 75.Nf7+ Kf4 76.Nd6 Rd2 77.Nb5 Ke3
78.Nc3 Rd3 79.Nb5 Rb3 80.Nd6 Kd4 81.Kg2 Ke5 82.Nf7+ Kf4 83.Nd6 Rg3+ 84.Kf2 Rxh3
85.Ke2 Rc3 86.Nb5 Rh3 87.Nd6 Ke5 88.Nc4+ Kd4 89.Nd6 Rh5 90.Kf3 Kd5 91.Nb5 Kc5
92.Kg4 Re5 93.Nc3 Kd4 94.Kf4 Re6 95.Nb5+ Kc4 96.Nc7 Re7 97.Na6 Kb5 98.Nb8 Rb7  0-1

[Event "66th ch-RUS HL"]
[Site "Yekaterinburg RUS"]
[Date "2013.06.24"]
[Round "5.6"]
[White "Demchenko,A"]
[Black "Vitiugov,N"]
[Result "1/2-1/2"]
[WhiteElo "2639"]
[BlackElo "2734"]

1.e4 c5 2.Nf3 e6 3.d4 cxd4 4.Nxd4 Nc6 5.Nc3 Qc7 6.g3 a6 7.Bg2 Nf6 8.O-O Bc5
9.Nxc6 dxc6 10.Na4 Ba7 11.c4 e5 12.c5 Be6 13.Qc2 Rd8 14.Be3 Ng4 15.Bg5 Rd4
16.b3 f6 17.Bc1 h5 18.h3 Nh6 19.Be3 Rd8 20.Rad1 Nf7 21.Rxd8+ Qxd8 22.f4 exf4
23.gxf4 Qe7 24.Nb6 O-O 25.Qe2 h4 26.Qh5 Rd8 27.Re1 Rd3 28.Qe2 Rd8 29.Qf2 f5
30.exf5 Bxf5 31.Bd4 Qf8 32.Kh2 Bb8 33.Rg1 g6 34.Bf6 Qh6 35.Bxd8 Nxd8 36.Nc4 Bxf4+
37.Kh1 Nf7 38.Qe2 Qf8 39.Rf1 Bg3 40.Ne3 Qe8 41.Qd2 Be6 42.Qd4 Ne5 43.Ng4 Nxg4
44.hxg4 Bf7 45.Qf6 Qe6 46.Qxe6 Bxe6 47.Rf6 Bf7 48.g5 Kg7 49.Be4 Be5 50.Rf1 Be6
51.Rd1 Bc7 52.Rd4 a5 53.a3 h3 54.b4 Kf7 55.Rd2 axb4 56.axb4 Kg7 57.Rd1 Bf4
58.Ra1 Bxg5 59.Ra7 Kf6 60.Rxb7 Bf4 61.Bxc6 g5 62.Rb6 Ke7 63.Rb7+ Kf6 64.Ra7 g4
65.Ra1 g3 66.b5 Be3 67.b6 Bxc5 68.b7 g2+ 69.Bxg2 hxg2+ 70.Kxg2 Bd5+ 71.Kg3 Bxb7  1/2-1/2

[Event "66th ch-RUS HL"]
[Site "Yekaterinburg RUS"]
[Date "2013.06.24"]
[Round "5.1"]
[White "Inarkiev,E"]
[Black "Grachev,B"]
[Result "1/2-1/2"]
[WhiteElo "2680"]
[BlackElo "2683"]

1.e4 c5 2.Nf3 e6 3.d4 cxd4 4.Nxd4 Nc6 5.Nc3 a6 6.Be3 Nf6 7.f4 Bb4 8.Bd3 e5
9.fxe5 Nxe5 10.O-O d6 11.h3 Bxc3 12.bxc3 h6 13.Qe1 O-O 14.c4 Qe7 15.Qf2 Be6
16.Bxh6 Nfg4 17.hxg4 gxh6 18.Rab1 b5 19.cxb5 axb5 20.Rxb5 Rxa2 21.Be2 Qa7
22.Kh1 Ra1 23.Rbb1 Rxb1 24.Rxb1 Bxg4 25.Bxg4 Nxg4 26.Qf4 Qxd4 27.Qxg4+ Qg7
28.Qxg7+ Kxg7 29.Rd1 Rc8 30.Rxd6 Rxc2 31.Rd5 Re2 32.Re5 Kf6 33.Rf5+ Kg6 34.Rf4 Kg5
35.Rxf7 Rxe4 36.Kh2 Kg6 37.Rf8 Re3 38.Rf3 Rxf3 39.gxf3 Kf5 40.Kg3 h5 41.Kh4 Kf4
42.Kxh5 Kxf3  1/2-1/2

[Event "21st Montcada Open"]
[Site "Montcada i Reixac ESP"]
[Date "2013.06.25"]
[Round "1.19"]
[White "Escobar Forero,A"]
[Black "Fernandez Diaz,Cr"]
[Result "1-0"]
[WhiteElo "2468"]
[BlackElo "2100"]

1.e4 c5 2.Nf3 e6 3.d4 cxd4 4.Nxd4 Nc6 5.Nc3 Qc7 6.f4 a6 7.Nxc6 bxc6 8.e5 d5
9.exd6 Bxd6 10.Ne4 Bxf4 11.Bxf4 Qxf4 12.Qd4 e5 13.Nd6+ Kf8 14.Qc5 Ne7 15.Bc4 f6
16.Rd1 Bg4 17.Rd2 Rd8 18.Qb6 Rxd6 19.Qd8+  1-0

[Event "III Marcel Duchamp Boca Jun Op"]
[Site "Buenos Aires ARG"]
[Date "2013.06.26"]
[Round "6.4"]
[White "Mussanti,D"]
[Black "Alonso,S"]
[Result "1-0"]
[WhiteElo "2310"]
[BlackElo "2506"]

1.e4 c5 2.Nf3 e6 3.d4 cxd4 4.Nxd4 Nc6 5.Nc3 Qc7 6.Be3 a6 7.Bd3 Nf6 8.O-O Nxd4
9.Bxd4 Bc5 10.Bxc5 Qxc5 11.Kh1 d6 12.f4 O-O 13.Qe1 e5 14.Qh4 Be6 15.f5 Bd7
16.Rf3 Rfd8 17.Rg3 Kf8 18.Rxg7 Kxg7 19.Qg5+ Kf8 20.Qxf6 Bc6 21.Be2 b5 22.Bh5 Ra7
23.Qg5 Rda8 24.f6 Ke8 25.Qg8+ Kd7 26.Qxf7+ Kd8 27.Qe6 Kc7 28.f7 Kb6 29.Rd1 Rd8
30.a3 Raa8 31.Qe7 Qf2 32.h3 Qf4 33.Bg4 Qh6 34.Be6 Qf8 35.Qf6 Ra7 36.Qf2+ Kb7
37.Nd5 Ka8 38.b3 Rc7 39.Nf6 Rxf7 40.Bxf7 Qxf7 41.Qb6 Rc8 42.Qxa6+ Kb8 43.Qb6+ Qb7  1-0

[Event "TCh-MNE Prem 2013"]
[Site "Cetinje MNE"]
[Date "2013.06.26"]
[Round "3.5"]
[White "Karisik,N"]
[Black "Rabrenovic,M"]
[Result "1-0"]
[WhiteElo "2086"]
[BlackElo "2236"]

1.e4 c5 2.Nf3 e6 3.d4 cxd4 4.Nxd4 Nc6 5.Nc3 d6 6.Be3 a6 7.Qd2 Nf6 8.O-O-O Bd7
9.f3 h5 10.Nxc6 Bxc6 11.Qf2 Nd7 12.f4 b5 13.Bd3 b4 14.Ne2 Qa5 15.Kb1 Nc5
16.Nd4 Bb7 17.Nb3 Qc7 18.Rhe1 Be7 19.Bd4 Nxd3 20.cxd3 O-O 21.Qg3 g6 22.f5 e5
23.fxg6 exd4 24.Rf1 f5 25.Nxd4 fxe4 26.Rf7 Rac8 27.Qf4 exd3 28.Rf1 d2 29.Qxd2 Be4+
30.Ka1 Bxg6 31.Qh6 Bxf7 32.Ne6 Qc1+ 33.Rxc1 Rxc1+ 34.Qxc1 Bxe6 35.Qe1 Bc4
36.Qg3+ Kh7 37.b3 Rf1+ 38.Kb2 Bf6+ 39.Kc2 Bf7 40.Qxd6 Bg6+ 41.Kd2 Bc3+ 42.Ke2 Rf6
43.Qd7+ Rf7 44.Qd6 a5 45.h3 Bg7 46.Qc5 Rf5 47.Qc7 Rg5 48.g3 Re5+ 49.Kf3 Rd5
50.Kf4 Kh6 51.Kf3 Be5 52.Qc1+ Kg7 53.Qg5 Rd3+ 54.Ke2 Bf6 55.Qxa5 Rc3 56.g4 Rxh3
57.gxh5 Bxh5+ 58.Kf2 Rh4 59.Kg3 Bf7 60.a3 Rd4 61.axb4 Rd3+ 62.Kf4 Rxb3 63.b5 Bc3
64.Qc7 Bd2+ 65.Ke4 Rxb5 66.Qd7 Rb4+ 67.Kd3 Bg5 68.Kc3 Rf4 69.Kd3 Kg6 70.Kc3 Bf6+
71.Kd3 Be5 72.Qe7 Bf6 73.Qd6 Kg5 74.Ke3 Rg4 75.Kf3 Bh5 76.Ke3 Bg6 77.Kf3 Rd4
78.Qg3+ Kh6 79.Qh2+ Rh4 80.Qd2+ Bg5 81.Qb2 Rf4+ 82.Kg3 Rf6 83.Qb8 Bf7 84.Qe5 Kg6
85.Qe4+ Kh6 86.Qe5 Bh5 87.Qd5 Bf4+ 88.Kh4 Bf7 89.Qc5 Bd6 90.Qg5+ Kh7 91.Qxf6  1-0

[Event "V4 Liptov IM 2013"]
[Site "Liptovsky Mikulas SVK"]
[Date "2013.06.26"]
[Round "9.1"]
[White "Gazik,Viktor"]
[Black "Macko,M"]
[Result "0-1"]
[WhiteElo "2112"]
[BlackElo "2135"]

1.e4 c5 2.Nf3 Nc6 3.Nc3 e6 4.d4 cxd4 5.Nxd4 Qc7 6.Be2 a6 7.a4 Nf6 8.O-O Bb4
9.Bf3 O-O 10.Nce2 Ne5 11.Ng3 b6 12.Bg5 Be7 13.c3 Bb7 14.Re1 d6 15.Qc2 d5
16.Rad1 Rac8 17.Bxf6 Bxf6 18.exd5 Nxf3+ 19.Nxf3 Bxd5 20.Ne4 Be7 21.Nd4 Rfd8
22.Qe2 Qb7 23.h3 Rd7 24.Nf3 f6 25.Ng3 g6 26.h4 e5 27.h5 Rcd8 28.hxg6 hxg6
29.Nh4 Bf7 30.Rxd7 Qxd7 31.Qxa6 Qc7 32.Qe2 f5 33.Nf3 e4 34.Nd4 Bg5 35.Nf1 Bc4
36.Qc2 Kf7 37.Ne3 Bxe3 38.Rxe3 Rh8 39.g3 Qe7 40.f3 Qg5 41.Qf2 Qh6  0-1

[Event "8th Vladimir Dvorkovich Cup"]
[Site "Moscow RUS"]
[Date "2013.06.26"]
[Round "2.14"]
[White "Dai,Changren"]
[Black "Kumsiashvili,N"]
[Result "1-0"]
[WhiteElo "2174"]
[BlackElo "2142"]

1.e4 c5 2.Nf3 e6 3.d4 cxd4 4.Nxd4 Nc6 5.Nc3 Qc7 6.Be3 a6 7.Qd2 Nf6 8.O-O-O Bb4
9.f3 Ne5 10.Nb3 b5 11.Bd4 Be7 12.Qg5 Ng6 13.Qe3 d6 14.g4 O-O 15.h4 Nd7 16.h5 Nge5
17.f4 Nc4 18.Bxc4 Qxc4 19.h6 g6 20.Bg7 Re8 21.f5 b4 22.Ne2 e5 23.Rhf1 a5
24.Kb1 Ba6 25.Rf2 Rac8 26.Rc1 Bd8 27.Nd2 Qc5 28.fxg6 fxg6 29.Qf3 Bc4 30.Nxc4 Qxc4
31.c3 Bg5 32.Rcf1 Bh4 33.Rh2 Bg5 34.Ka1 bxc3 35.b3 Qe6 36.Nxc3 Bf4 37.Rb2 Nb6
38.g5 Rc5 39.Ne2 a4 40.Nxf4 exf4 41.Qxf4 Rcc8 42.Rbf2 Nd7 43.bxa4 Qe7 44.Qf3 Ne5
45.Qb3+ Nc4 46.Qd3 Nb6 47.a5 Nd7 48.Qd5+ Qe6 49.Rf8+  1-0